| 000 | 00764cam a2200229 4500 | ||
|---|---|---|---|
| 001 | WB3648-41 | ||
| 008 | 000000n2000 000 0 eng u | ||
| 035 | _a(Sirsi) u109732 | ||
| 245 | _aEU grant for RICS CPD Research | ||
| 260 | _c2000 | ||
| 490 |
_aRICS Press Release _v(pr137) 4 December 2000, (1) |
||
| 520 | _aThe RICS has won a grant of £250,000 from the EU for project REGAL, which will develop the use of IT in continuing professional development across Europe. | ||
| 590 | _aWB | ||
| 650 | _aRICS | ||
| 650 | _aCONTINUING PROFESSIONAL DEVELOPMENT | ||
| 650 | _aMANAGEMENT-BUSINESS MANAGEMENT-INFORMATION MANAGEMENT | ||
| 650 | _aEU GRANTS | ||
| 650 | _aREGAL | ||
| 650 | _aESCS | ||
| 690 | _aTRAINING AND CAREER DEVELOPMENT | ||
| 942 | _n0 | ||
| 999 |
_c65496 _d65496 |
||